[Event "Michigan Class D/E"]
[Site "Auburn Hills, MI"]
[Date "2003.04.26"]
[Round "1.2"]
[White "Pratt, Gary"]
[Black "Aguilar, Javier"]
[Result "1/2-1/2"]
[WhiteElo "1391"]
[BlackElo "1292"]
[PlyCount "120"]
[EventDate "2003.04.26"]

1. e4 c6 2. d4 d5 3. Nc3 dxe4 4. Nxe4 Bf5 5. Ng3 Bg6 6. N1e2 Nf6 7. Nf4 e6 8.
h4 e5 9. Nxg6 hxg6 10. Be3 exd4 11. Qxd4 Qxd4 12. Bxd4 Nbd7 13. O-O-O c5 14.
Bxf6 gxf6 15. Bb5 O-O-O 16. Ne4 a6 17. Bxd7+ Rxd7 18. Rxd7 Kxd7 19. Nxf6+ Kc6
20. g3 Bg7 21. Ne4 Re8 22. f3 f5 23. Ng5 Bh6 24. Kd1 Re3 25. Nf7 Bg7 26. Re1
Rxe1+ 27. Kxe1 Bxb2 28. g4 fxg4 29. fxg4 Kd7 30. Ke2 Ke7 31. Ng5 b5 32. Ne4 c4
33. Ke3 a5 34. Kf4 b4 35. Nc5 Bd4 36. Na4 Kf6 37. Ke4 Bf2 38. h5 gxh5 39. gxh5
Kg5 40. Kd5 c3 41. Kc6 Bh4 42. Kb5 Kxh5 43. Kxa5 Be7 44. Nb6 Kg4 45. Nd5 Bf8
46. Nxb4 Kf3 47. Nd5 Bg7 48. Kb4 Ke2 49. Nxc3+ Kd2 50. Nd5 Kxc2 51. a4 Bd4 52.
a5 Ba7 53. Kb5 Kb3 54. Ka6 Ka4 55. Nb6+ Kb4 56. Nc8 Bc5 57. Nb6 Bd6 58. Nd5+
Ka4 59. Nc3+ Kb4 60. Nb5 Bb8 1/2-1/2

[Event "Michigan Class D/E"]
[Site "Auburn Hills, MI"]
[Date "2003.04.26"]
[Round "1.12"]
[White "Poniatowski, Don"]
[Black "Crist, Kevin"]
[Result "0-1"]
[WhiteElo "1298"]
[BlackElo "1185"]
[PlyCount "68"]
[EventDate "2003.04.26"]

1. e4 e5 2. Nc3 Bb4 3. Qg4 g6 4. Nd5 Nc6 5. a3 d6 6. Qe2 Bc5 7. c3 a6 8. Nf3
Nf6 9. Nxf6+ Qxf6 10. h3 Be6 11. d3 O-O-O 12. Bg5 Qg7 13. Bxd8 Rxd8 14. g3 f5
15. Bg2 fxe4 16. dxe4 Rf8 17. b4 Ba7 18. O-O g5 19. b5 Nb8 20. bxa6 Nxa6 21.
Rab1 g4 22. hxg4 Qxg4 23. Rb2 Qxg3 24. Rxb7 Bh3 25. Nh4 Kxb7 26. Qb5+ Bb6 27.
Qe2 Qxh4 28. Rb1 Rxf2 29. Rxb6+ Kxb6 30. Qxf2+ Qxf2+ 31. Kxf2 Bxg2 32. Kxg2 Nc5
33. Kf3 Ka6 34. Kg4 Kb5 0-1

[Event "Michigan Class D/E"]
[Site "Auburn Hills, MI"]
[Date "2003.04.26"]
[Round "2.7"]
[White "Paul, Dennis"]
[Black "Pratt, Gary"]
[Result "0-1"]
[WhiteElo "1294"]
[BlackElo "1391"]
[PlyCount "56"]
[EventDate "2003.04.26"]

1. d4 Nf6 2. c4 c5 3. d5 b5 4. cxb5 a6 5. Qa4 Nxd5 6. e4 Nb6 7. Qa5 axb5 8.
Qxb5 e6 9. Be3 Ba6 10. Qa5 Bxf1 11. Qc3 Na4 12. Qc2 Bxg2 13. b3 Nb6 14. Bxc5
Bxc5 15. Qxc5 Bxh1 16. f3 Qh4+ 17. Qf2 Qxf2+ 18. Kxf2 O-O 19. Ne2 f5 20. e5 Nc6
21. Nd2 Nxe5 22. Rxh1 Rxa2 23. Rd1 Nd5 24. h3 g5 25. Nc4 Nxc4 26. bxc4 Nf4 27.
Re1 Rxe2+ 28. Rxe2 Nxe2 0-1

[Event "Michigan Class D/E"]
[Site "Auburn Hills, MI"]
[Date "2003.04.26"]
[Round "2.10"]
[White "Osebold, James"]
[Black "Poniatowski, Don"]
[Result "1/2-1/2"]
[WhiteElo "1391"]
[BlackElo "1298"]
[PlyCount "85"]
[EventDate "2003.04.26"]

1. e4 c6 2. Nf3 d5 3. exd5 cxd5 4. Nc3 Nf6 5. Be2 Bg4 6. d3 h6 7. O-O e6 8. Bd2
Be7 9. Ne5 Bxe2 10. Nxe2 Nc6 11. Bc3 Nxe5 12. Bxe5 Bd6 13. Bxd6 Qxd6 14. Re1
O-O 15. Ng3 Rac8 16. Re3 Qc7 17. Rc1 e5 18. Re2 Rfd8 19. Rd2 Qb6 20. c3 Qd6 21.
c4 Rc7 22. b3 Rdc8 23. Ne2 a5 24. Rdc2 Ng4 25. g3 d4 26. Qd2 Nf6 27. Qxa5 b6
28. Qe1 b5 29. b4 bxc4 30. Rxc4 Rxc4 31. dxc4 d3 32. Qd2 Ne4 33. Qd1 dxe2 34.
Qxe2 Qd4 35. a4 Nc3 36. Qe1 Nxa4 37. c5 Nxc5 38. bxc5 Rxc5 39. Rxc5 Qxc5 40.
Qa1 g6 41. Qa8+ Kg7 42. Qe4 Qd4 43. Qf3 1/2-1/2

[Event "Michigan Class B"]
[Site "Auburn Hills, MI"]
[Date "2003.04.26"]
[Round "2.2"]
[White "Nelson, Peter"]
[Black "Fick II, Douglas"]
[Result "1/2-1/2"]
[WhiteElo "1650"]
[BlackElo "1649"]
[PlyCount "51"]
[EventDate "2003.04.26"]

1. d4 d5 2. c4 e6 3. Nc3 Nf6 4. Bg5 Be7 5. e3 O-O 6. Nf3 Nbd7 7. Qc2 h6 8. Bxf6
Nxf6 9. Bd3 dxc4 10. Bxc4 b6 11. O-O-O Bb7 12. Rhg1 Nd5 13. Ne5 Bf6 14. g3 Qe7
15. h4 c5 16. Ng4 cxd4 17. Nxf6+ Qxf6 18. Rxd4 Rac8 19. Bxd5 Bxd5 20. Kb1 Rfd8
21. Nxd5 exd5 22. Qd2 Qc6 23. a3 Qg6+ 24. Qd3 Qf6 25. Qd2 Qg6+ 26. Qd3 1/2-1/2

[Event "Michigan Class B"]
[Site "Auburn Hills, MI"]
[Date "2003.04.26"]
[Round "1.3"]
[White "Moroney, Timothy"]
[Black "Wood, Jack"]
[Result "0-1"]
[WhiteElo "1772"]
[BlackElo "1642"]
[PlyCount "66"]
[EventDate "2003.04.26"]

1. e4 c5 2. Nf3 e6 3. d3 Nc6 4. g3 Nge7 5. Bg2 Ng6 6. O-O Be7 7. Re1 Qc7 8.
Nbd2 a6 9. a4 d6 10. h4 Rb8 11. h5 Nge5 12. Nxe5 dxe5 13. Nf1 g5 14. hxg6 hxg6
15. f4 exf4 16. gxf4 g5 17. f5 c4 18. fxe6 Bxe6 19. d4 Nxd4 20. Bxg5 f6 21. Be3
Nc6 22. Qe2 Ne5 23. Bf4 Qb6+ 24. Qf2 Qa5 25. Qd2 Bc5+ 26. Be3 Bxe3+ 27. Qxe3
Ng4 28. Qa7 Rd8 29. Rad1 Rc8 30. Qxb7 Qc5+ 31. Ne3 Nxe3 32. Rxe3 Qxe3+ 33. Kf1
Rh3 0-1

[Event "Michigan Class B"]
[Site "Auburn Hills, MI"]
[Date "2003.04.26"]
[Round "3.8"]
[White "Moroney, Timothy"]
[Black "West, Aaron"]
[Result "1-0"]
[WhiteElo "1770"]
[BlackElo "1601"]
[PlyCount "83"]
[EventDate "2003.04.26"]

1. e4 d6 2. d4 Nf6 3. Nc3 Nbd7 4. Nf3 e5 5. Bc4 Be7 6. O-O O-O 7. h3 c6 8. Be3
Nb6 9. Bb3 Qc7 10. Re1 c5 11. dxc5 dxc5 12. Qe2 Bd7 13. Rad1 Bc6 14. Bg5 Nbd7
15. Nd5 Bxd5 16. Bxd5 Nxd5 17. Rxd5 Bxg5 18. Nxg5 Nf6 19. Rd2 h6 20. Nf3 Rfd8
21. Red1 Rd7 22. Qb5 Rxd2 23. Rxd2 Nxe4 24. Rd7 a6 25. Qxb7 Qxb7 26. Rxb7 f6
27. Kf1 Rd8 28. Ke2 Rd6 29. Nh4 Rd2+ 30. Ke3 Rxc2 31. Kxe4 Rc4+ 32. Kf5 Rxh4
33. Kg6 Kf8 34. Rxg7 f5 35. Rf7+ Ke8 36. Rxf5 Rf4 37. Rxf4 exf4 38. Kxh6 a5 39.
Kg5 f3 40. gxf3 a4 41. h4 c4 42. a3 1-0

[Event "Michigan Class B"]
[Site "Auburn Hills, MI"]
[Date "2003.04.26"]
[Round "3.6"]
[White "Moore, Robert"]
[Black "Burris, David"]
[Result "0-1"]
[WhiteElo "1601"]
[BlackElo "1759"]
[PlyCount "84"]
[EventDate "2003.04.26"]

1. e4 e6 2. d4 d5 3. e5 c5 4. c3 Qb6 5. Nf3 Nc6 6. Be2 cxd4 7. cxd4 Bb4+ 8. Nc3
Nge7 9. O-O a6 10. a3 Bxc3 11. bxc3 Bd7 12. Qc2 h6 13. a4 Na5 14. Ba3 Rc8 15.
Rab1 Qc7 16. Rfc1 Bc6 17. Bc5 Qd7 18. Ra1 Nc4 19. Ne1 b6 20. Bxc4 bxc5 21. dxc5
dxc4 22. Rd1 Bd5 23. Nf3 Rxc5 24. Rab1 O-O 25. Nd4 Ra5 26. Rb4 Qc7 27. f4 g6
28. Qd2 Kg7 29. Qe3 Nc6 30. Nxc6 Qxc6 31. f5 Rxa4 32. Rb6 Qa8 33. f6+ Kh7 34.
Rb2 Ra3 35. Rd4 Ra1+ 36. Kf2 Bxg2 37. Kg3 Re1 38. Qxh6+ Kxh6 39. Rh4+ Kg5 40.
Rg4+ Kf5 41. Rf2+ Kxe5 42. Rg5+ Kd6 0-1

[Event "Michigan Class B"]
[Site "Auburn Hills, MI"]
[Date "2003.04.26"]
[Round "2.3"]
[White "Moore, Robert"]
[Black "Biondo, Anthony"]
[Result "0-1"]
[WhiteElo "1601"]
[BlackElo "1786"]
[Annotator "Tim McGrew"]
[PlyCount "52"]
[EventDate "2003.04.26"]

{Sicilian: Accelerated Dragon (Simagin)} 1. e4 c5 2. Nf3 Nc6 3. d4 cxd4 4. Nxd4
g6 {Black is playing the Accelerated Dragon, dispensing with ...d6 to save a
tempo later. We see how this works out on move 8.} 5. Nc3 Bg7 6. Be3 Nf6 7. Qd2
O-O 8. Be2 d5 $1 {This is the theoretically approved counter-blow, equalizing
immediately. But Black needs to know how to handle the position thereafter!} 9.
exd5 Nxd5 10. Nxd5 Qxd5 11. Bf3 Qd7 $2 (11... Qe5 {is a much better place for
the queen. After} 12. Nxc6 bxc6 13. Bxc6 Rb8 {Black's active pieces more than
compensate for the missing pawn.}) 12. Nxc6 $1 bxc6 13. Qxd7 $1 Bxd7 14. O-O-O
$1 {White has emerged from the opening with a pleasant advantage since Black's
pawns are crippled and White's bishops pin them down.} Bf5 {Black sets a
counter-trap, but it is flawed.} 15. g4 {This is not objectively bad, but it
is not the most straightforward way to cash in on White's advantage.} (15. Bxc6
Rac8 16. Ba4 {allows White to get away with the pawn scott free. It also
leaves no pawn weaknesses in its wake.}) 15... Be6 16. b3 {Though White is
still better, the game is beginning to spin out of control. This move creates
some more weaknesses in the name of securing the a2 pawn.} (16. Bxc6 $1 {is
the right way to handle this situation, despite the loss of the pawn on g4.
Now Black would probably lose his entire queen-side:} Bxg4 (16... Rac8 17. Bd7
$1 Bxd7 18. Rxd7 $18) 17. Bxa8 Bxd1 18. Bg2 Be2 19. Bxa7 $18 {and Black's
plight is hopeless.}) 16... a5 17. a4 Rab8 18. Bd2 c5 $1 {Black is making full
use of the b-file and his bishops.} 19. Bxa5 c4 20. b4 Bc3 $1 {Now the pawn on
g4 sticks out like a sore thumb, tying down White's light-square bishop to
defensive duties when it is desperately needed on the queen-side.} 21. Bc7 Rxb4
22. Ba5 Bb2+ 23. Kb1 Rxa4 24. Kxb2 Rxa5 25. h3 $2 {It is far too late to be
worried about that pawn.} Rb8+ $1 26. Kc1 c3 $1 {White is getting mated.} 0-1

[Event "Michigan Novice"]
[Site "Auburn Hills, MI"]
[Date "2003.04.26"]
[Round "3.1"]
[White "McShan, Kwame"]
[Black "Haengel, Eric"]
[Result "1-0"]
[WhiteElo "996"]
[BlackElo "972"]
[PlyCount "53"]
[EventDate "2003.04.26"]

1. d4 d5 2. Nf3 Nf6 3. e3 Bf5 4. c4 e6 5. Qb3 Nc6 6. Qxb7 Na5 7. Qb5+ c6 8. Qa4
Qd7 9. Qxa5 Bd6 10. c5 Bc7 11. Qa6 O-O 12. Bd3 Be4 13. Nbd2 Bxd3 14. Qxd3 Ba5
15. Ne5 Qc7 16. O-O Rab8 17. b3 Nd7 18. f4 f6 19. Nxd7 Qxd7 20. Rf3 g6 21. e4
Bc7 22. e5 fxe5 23. fxe5 Ba5 24. Rxf8+ Rxf8 25. Nf3 Qf7 26. Bh6 Re8 27. Ng5 {
Remainder illegible, 29?} 1-0

[Event "Michigan Novice"]
[Site "Auburn Hills, MI"]
[Date "2003.04.26"]
[Round "1.1"]
[White "McShan, Kwame"]
[Black "Barnette, Bryan"]
[Result "1-0"]
[WhiteElo "996"]
[BlackElo "511"]
[PlyCount "67"]
[EventDate "2003.04.26"]

1. d4 d5 2. Nf3 Nf6 3. e3 g6 4. Bd3 Bg7 5. Nbd2 O-O 6. O-O Bg4 7. c4 Bxf3 8.
Nxf3 dxc4 9. Bxc4 Nbd7 10. Qb3 e6 11. Qxb7 Rb8 12. Qc6 Rb6 13. Qa4 Qa8 14. Qc2
Rbb8 15. b3 Nb6 16. Bd3 Nbd5 17. Ba3 Rfc8 18. Ne5 Nh5 19. Ba6 Rd8 20. Nc6 Nhf4
21. Nxb8 Rxb8 22. exf4 Nxf4 23. f3 Bxd4+ 24. Kh1 Bxa1 25. Rxa1 Qd5 26. Qxc7 Rd8
27. Qc2 e5 28. Bc4 Qd7 29. Re1 g5 30. Bb2 Qd2 31. Bxf7+ Kxf7 32. Qxh7+ Kf8 33.
Ba3+ Ke8 34. Qe7# 1-0

[Event "Michigan Class D/E"]
[Site "Auburn Hills, MI"]
[Date "2003.04.26"]
[Round "2.11"]
[White "McNair, Shawn"]
[Black "Gant, Matthew"]
[Result "1-0"]
[WhiteElo "1388"]
[BlackElo "1224"]
[PlyCount "99"]
[EventDate "2003.04.26"]

1. e4 e5 2. f4 exf4 3. Nf3 Nc6 4. Bc4 Bc5 5. c3 Nf6 6. e5 Ne4 7. d4 Be7 8. O-O
Ng5 9. Bxf4 Nxf3+ 10. Qxf3 O-O 11. Bd3 d6 12. exd6 Bxd6 13. Qe4 g6 14. Nd2 Bf5
15. Qe2 Bxf4 16. Rxf4 Qg5 17. Raf1 Rae8 18. Qf3 Ne7 19. Ne4 Qh6 20. Nf6+ Kh8
21. Nxe8 Rxe8 22. Bc4 Rf8 23. Qxb7 Qg5 24. Qxc7 Bh3 25. Qe5+ Qxe5 26. dxe5 Bf5
27. g4 Bd7 28. e6 Bc8 29. Rxf7 Re8 30. Bb5 Bxe6 31. Bxe8 Bxf7 32. Rxf7 Ng8 33.
Rxa7 Nf6 34. Bc6 Nxg4 35. b4 Ne5 36. b5 h5 37. Kg2 g5 38. Re7 Nc4 39. Kg3 Nd6
40. Re5 Nf7 41. Rd5 h4+ 42. Kg4 Kg7 43. b6 Kf6 44. b7 Ne5+ 45. Rxe5 Kxe5 46.
b8=Q+ Kf6 47. Qd6+ Kg7 48. Qe7+ Kh8 49. Qf8+ Kh7 50. Be4# 1-0

[Event "Michigan Class D/E"]
[Site "Auburn Hills, MI"]
[Date "2003.04.26"]
[Round "3.5"]
[White "McNair, Shawn"]
[Black "Crist, Kevin"]
[Result "1-0"]
[WhiteElo "1388"]
[BlackElo "1185"]
[PlyCount "109"]
[EventDate "2003.04.26"]

1. e4 e5 2. f4 Nc6 3. Nf3 d6 4. Bc4 Bg4 5. Bxf7+ Ke7 6. Bxg8 Rxg8 7. h3 Bxf3 8.
Qxf3 Qd7 9. fxe5 Nxe5 10. Qb3 Qe6 11. Qxb7 Qc8 12. Qd5 Rh8 13. d4 Nf7 14. O-O
Nh6 15. Bxh6 Qe6 16. Qxa8 gxh6 17. Qd5 Rg8 18. Qxe6+ Kxe6 19. Nd2 Bg7 20. d5+
Ke7 21. c3 h5 22. Nf3 Bh6 23. Rae1 Rf8 24. Nh4 Rxf1+ 25. Kxf1 Bf4 26. Kf2 Be5
27. Kf3 Kf6 28. Re2 a5 29. c4 a4 30. b3 axb3 31. axb3 Bd4 32. Nf5 Be5 33. Ra2
Kg6 34. Ra7 h6 35. Rxc7 h4 36. b4 Bc3 37. b5 Ba5 38. Rg7+ Kf6 39. Rh7 Kg6 40.
Rxh6+ Kg5 41. Rxd6 Bc7 42. Re6 Kh5 43. d6 Bd8 44. c5 Bg5 45. c6 Bf4 46. d7 Bc7
47. e5 Kg5 48. Ne7 Bd8 49. Nd5 Kf5 50. Re8 Ba5 51. c7 Bxc7 52. Nxc7 Kg6 53.
d8=Q Kg7 54. Qf6+ Kh7 55. Re7+ 1-0

[Event "Michigan Masters/Experts"]
[Site "Auburn Hills, MI"]
[Date "2003.04.26"]
[Round "1.4"]
[White "Mazuchowski, Tom"]
[Black "Rogers, Bradley"]
[Result "0-1"]
[WhiteElo "2000"]
[BlackElo "2056"]
[Annotator "Tim McGrew"]
[PlyCount "96"]
[EventDate "2003.04.26"]

{French: Chigorin} 1. e4 e6 2. Qe2 $5 {Chigorin's idea has just one virtue: it
makes it difficult for Black to get a normal French position. I have some
sympathy for this way of approaching the opening, but I never use 2.Qe2 -- I
don't like to block in my bishop like that!} c5 {Black is happy to shift over
to a Sicilian now that White's queen is misplaced.} ({Even though Chigorin's
idea is to discourage} 2... d5 {, it doesn't look too bad for Black after} 3.
exd5 Qxd5 {The position resembles the old main line of the Scandinavian
Defense, where ...e6 is a useful move for Black and Qe2 looks less useful for
White.}) 3. f4 Nc6 4. Nf3 Be7 5. b3 Nf6 6. Bb2 d5 7. d3 {In some respects the
position resembles an old-fashioned Dutch Defense with colors reversed. White
is willing to give up central space in exchange for attacking prospects on the
king-side, where he has more space.} Qc7 8. g3 O-O 9. Bg2 d4 10. O-O e5 11. Bc1
(11. f5 {comes into consideration, with the idea of a king-side pawn storm as
in the King's Indian.}) 11... Bg4 12. h3 Bxf3 13. Qxf3 exf4 14. gxf4 {"Every
Russian schoolboy," Botvinnik once wrote, "knows that the proper way to
recapture is with the pawn. " Why? Because otherwise Black can make good use
of the e5 square for his knights. The slight weakening of White's castle is
actually unimportant since White has so much more space there and the pawns at
e4 and f4 prevent Black from working up anything like an attack.} g6 $6 {This
weakening of the castle wall does not seem to be provoked by any urgent
threats of White's} 15. a4 Nh5 16. Na3 a6 17. Bd2 Bh4 18. Qg4 Qe7 19. Be1 (19.
Nc4 Ng3 20. Rf3 $4 Ne2+ 21. Kf1 h5 {traps the queen.}) 19... Bxe1 20. Raxe1
Rad8 21. e5 (21. f5 $2 {is not good here because it gives Black the use of e5 
(remember Botvinnik's quotation?):} Ne5 22. Qd1 Qg5 {and Black has wrested the
initiative from White's grasp.}) 21... Ng7 22. Nc4 f5 23. Qe2 Ne6 24. a5 Kg7
25. Bxc6 bxc6 26. Qg2 Rc8 27. Qg3 Rc7 28. Rf2 Kh8 29. h4 Qg7 30. Rg2 Rg8 31.
Rf1 h6 $2 {White is obviously piling up on g6, so this weakening of the square
makes little sense.} 32. Rf3 Kh7 33. Qf2 h5 34. Nd6 Qf8 35. Rfg3 Rcg7 $2 {
Black's posture is purely defensive.} (35... Qh6 {is preferable, despite the
odd looking placement of Her Majesty, because it keeps pressure on f4. Black
needs some counterplay to survive in this position or White will simply
tighten the screws until Black's position cracks.}) 36. Qf3 Rc7 37. Kf1 Rgg7
38. Rg1 Kh6 39. Qg2 Qg8 40. Rg5 Kh7 41. Nxf5 $1 Rcf7 42. Qf3 (42. Nxg7 $1 {
wins easily, e.g.} Rxf4+ 43. Ke2 Qxg7 44. Rxg6 $18) 42... Qb8 $2 {Does anyone
notice that Black's queen is undefended here?} (42... Qd8 {is more tenacious,
e.g.} 43. Qxc6 Nxg5 44. Nxg7 Rxf4+ 45. Ke2 Qf8 46. Ne6 $1 Nxe6 47. Qxe6 Qf5 48.
Qe7+ Kh6 {and although White has an extra pawn, his exposed king is cause for
concern.}) 43. Rxg6 $4 {A miscalculation, possibly in time pressure.} ({The
heroic way to end the game was} 43. Rxh5+ $1 gxh5 44. Qxh5+ Kg8 45. Nh6+ Kf8
46. Qxf7+ $1 Rxf7 47. Rg8+ $18 {You see, it really does pay to look for those
undefended pieces!}) 43... Rxf5 44. Rxg7+ Nxg7 45. Qg3 $2 (45. Qe4 Qf8 46. Ke2
Ne6 47. Kd2) 45... Qxe5 46. Qg6+ Kg8 47. Qxc6 Qxf4+ 48. Ke1 Qe3+ 0-1

[Event "Michigan Class B"]
[Site "Auburn Hills, MI"]
[Date "2003.04.26"]
[Round "3.2"]
[White "Matias, I.C."]
[Black "Nelson, Peter"]
[Result "1-0"]
[WhiteElo "1742"]
[BlackElo "1650"]
[PlyCount "123"]
[EventDate "2003.04.26"]

1. d4 Nf6 2. Nf3 g6 3. c4 Bg7 4. Nc3 O-O 5. e4 d6 6. Be3 Nbd7 7. Be2 e5 8. d5
Re8 9. h3 Nf8 10. Nd2 N6d7 11. b4 f5 12. f3 f4 13. Bf2 Nf6 14. c5 Nh5 15. cxd6
cxd6 16. Rc1 a6 17. Na4 b5 18. Nb6 Rb8 19. Nxc8 Rxc8 20. O-O g5 21. Nb3 Ng6 22.
Na5 Qf6 23. Rc6 Ng3 24. Re1 Rxc6 25. dxc6 g4 26. fxg4 Nxe4 27. Qd5+ Qe6 28.
Qxe4 d5 29. Qf5 e4 30. Qxe6+ Rxe6 31. Bc5 Bf8 32. Rc1 Re8 33. Bxf8 Kxf8 34. g5
f3 35. gxf3 Nf4 36. Kf1 e3 37. c7 Rc8 38. Rc6 Ke7 39. Rh6 Rxc7 40. Rxh7+ Kd8
41. Rxc7 Kxc7 42. h4 d4 43. Nb3 d3 44. Bxd3 Nxd3 45. Ke2 Nxb4 46. Kxe3 Nd5+ 47.
Kd4 Kd6 48. Nc5 a5 49. Nb7+ Kc6 50. Nxa5+ Kd6 51. Nb3 Ke6 52. Nc5+ Kd6 53. Ne4+
Ke6 54. Kc5 Nf4 55. Kxb5 Kf5 56. a4 Nd5 57. a5 Kf4 58. a6 Nc7+ 59. Kb6 Nxa6 60.
Kxa6 Kxf3 61. g6 Kxe4 62. g7 1-0

[Event "Michigan Class B"]
[Site "Auburn Hills, MI"]
[Date "2003.04.26"]
[Round "1.5"]
[White "Matias, I.C."]
[Black "Hazzard, Bill"]
[Result "1-0"]
[WhiteElo "1742"]
[BlackElo "1622"]
[PlyCount "123"]
[EventDate "2003.04.26"]

1. d4 d5 2. Nf3 Nf6 3. c4 c6 4. Nc3 e6 5. Bg5 Be7 6. e3 O-O 7. Rc1 Nbd7 8. Qc2
Re8 9. a3 Qa5 10. Bd3 h6 11. Bh4 Bd6 12. O-O Qd8 13. e4 dxe4 14. Nxe4 Be7 15.
Qe2 Nxe4 16. Bxe7 Qxe7 17. Qxe4 Nf8 18. Rfe1 Bd7 19. Ne5 Rad8 20. c5 f5 21. Qe3
Qf6 22. Nc4 Nh7 23. Nd6 Rf8 24. f4 Qg6 25. Re2 Nf6 26. b4 Nd5 27. Qe5 Qg4 28.
Rf1 Rf6 29. Bc4 Nc3 30. Re3 Ne4 31. Nxe4 fxe4 32. Qxe4 Rdf8 33. Ref3 Be8 34.
Rg3 Bg6 35. Qe3 Qf5 36. Qe5 Bf7 37. Qxf5 Rxf5 38. Re3 Rf6 39. g3 g5 40. fxg5
Rxf1+ 41. Kxf1 hxg5 42. Kg2 Re8 43. Re5 Kg7 44. Rxg5+ Kf6 45. Re5 Rg8 46. Kf2
Rg4 47. Ke3 Rg5 48. Rxg5 Kxg5 49. h3 Kf6 50. Kf4 Bg6 51. g4 Bc2 52. h4 Bd1 53.
g5+ Ke7 54. Ke5 Bg4 55. g6 Bh5 56. Bxe6 Bxg6 57. Bc8 b5 58. d5 Be8 59. d6+ Kd8
60. d7 Bh5 61. Kd6 Bf3 62. Bb7 1-0

[Event "Michigan Class D/E"]
[Site "Auburn Hills, MI"]
[Date "2003.04.26"]
[Round "2.13"]
[White "Mandell, Sheldon"]
[Black "Thach, Scott"]
[Result "1-0"]
[WhiteElo "1301"]
[BlackElo "1381"]
[Annotator "Tim McGrew"]
[PlyCount "47"]
[EventDate "2003.04.26"]

{Irregular Queen's Pawn: Franco-Indian} 1. d4 e6 2. Nf3 b6 3. Bf4 Bb7 4. Nbd2
Ne7 5. e3 ({There is absolutely nothing wrong with} 5. e4 {, which gives White
a commanding share of the center. I suspect that many players learn a system
like the Colle or the London that involves e3 and then later e4 without
realizing that the two-step advance of the pawn is only necessary when Black,
with moves like ...d5 and ...Nf6, has gripped the e4 square. But here all of
this is unnecessary because Black's unusual development pattern gives him
little control of e4.}) 5... Ng6 6. Bg3 c5 7. c3 cxd4 8. cxd4 (8. exd4 {would
unbalance the game a little more, which should be good for White insofar as
Black's pieces are not on great squares.}) 8... Bb4 9. Be2 Nc6 10. a3 Bxd2+ 11.
Qxd2 O-O 12. Bd3 Nce7 13. Qe2 f5 14. h4 {This is not very subtle: Black has
put a knight on a poor square and White wants to take advantage of it.} Nd5 $2
{Pieces alone will not give Black play against White's reasonable central pawn
formation.} ({It's now or never for} 14... f4 $5 {when Black can try to take
advantage of White's leisurely attitude toward getting his king out of the
center.}) 15. h5 Nge7 16. h6 g6 17. e4 $5 {White does not lack courage!} ({But
perhaps} 17. Bd6 {was more prudent.}) 17... Nf6 ({In hindsight, Black would
have done better with} 17... fxe4 18. Bxe4 Rc8 19. Bd6 Nf5 $5 {since the
exchange looks poisoned:} 20. Bxf8 Nf4 $1 21. Qd2 Nxg2+ 22. Kf1 Nge3+ $1 23.
fxe3 Bxe4 {and Black has seized the initiative.}) 18. exf5 Nxf5 19. Bxf5 exf5
20. O-O Ng4 21. Bf4 Re8 22. Ne5 d6 23. Qc4+ Kf8 $4 (23... d5 {is forced, after
which White's advantage is real but not yet overwhelming.}) 24. Qf7# 1-0